000 00429 a2200145 4500
999 _c3902
_d3902
020 _a9780304706174
050 _aLB 1705 RIB
100 _aEvans, Linda
_eAuthor
245 _aManaging to motivate :
_ba guide for school leaders /
_cLinda Evans
264 _aNew York:
_bCassell,
_c1999
300 _aix, 150p. :
_bill.
500 _aIncludes references and index
650 _aEducation
_xManagement
942 _2lcc
_cBK
_h1705
_iRIB
_kLB